000 00518nam a2200157Ia 4500
008 240729s9999 xx 000 0 und d
022 _a2416-5999
245 0 _aJournal of Data Mining and Digital Humanities
260 _aFrance
260 _bNicolas Turenne
650 _a History of scholarship and learning. The humanities | Bibliography. Library science. Information resources
650 _aGeneral Works
856 _uhttps://doaj.org/toc/dbcbf0c6959d44c0a0b4559115aee81d
942 _2ddc
942 _cDOAJEJ
999 _c65830
_d65830
945 _a1
_bMadushi Gamage
_c1
_dMadushi Gamage